000 00586nam a22001937a 4500
005 20250710155256.0
008 250710b |||||||| |||| 00| 0 eng d
020 _a978-1-4737-2973-5
050 _aHD 62.7 .S76 2017
100 _aSTOKES, DAVID
245 _aSMALL BUSINESS MANAGEMENT AND ENTRPRENEURSHIP
250 _a7
260 _aUNITED KINGDOM
_bCENGAGE LEARNING EMEA
_c2017
300 _aXVII,493P.:ILL
500 _aINCLUDES BIBLIOGRAPHICAL REFERENCES AND INDEX
650 _a1.SMALL BUSINESS MANAGEMENT 2. ENTRPRENEURSHIP
700 _aWILSON, NICK
942 _2lcc
_cBK
999 _c215883
_d215883